[Event "Bouhjar BICA Blitz op 04"]
[Site "Bouhjar"]
[Date "2021.04.04"]
[Round "7"]
[White "Bousrih, Maher"]
[Black "Gharbi, Nabil"]
[Result "1-0"]
[WhiteElo "1799"]
[BlackElo "1714"]
[PlyCount "111"]
[EventDate "2021.04.04"]
[EventType "swiss (blitz)"]
[EventRounds "9"]
[EventCountry "TUN"]
[SourceTitle "CBM 201 Extra"]
[Source "ChessBase"]
[SourceDate "2021.05.31"]
[SourceVersion "1"]
[SourceVersionDate "2021.05.31"]
[SourceQuality "1"]

1. e4 e5 2. Nf3 Nc6 3. Bc4 h6 4. d4 d6 5. dxe5 Nxe5 6. Nxe5 dxe5 7. Qxd8+ Kxd8 8. Bxf7 Nf6 9. Nd2 Bb4 10. c3 Bd6 11. 0-0 Rf8 12. Bb3 Bd7 13. Nc4 Bb5 14. f3 Ke7 15. Rd1 Rad8 16. Be3 Nh5 17. Nxd6 cxd6 18. Bxa7 g5 19. Bb6 Rd7 20. Be3 Bc6 21. Bd5 Nf4 22. Bxc6 bxc6 23. a4 c5 24. b4 Ne2+ 25. Kf2 Nxc3 26. Rd3 Nxe4+ 27. Ke2 c4 28. Rda3 c3 29. fxe4 c2 30. Rc1 Rc8 31. Ra2 d5 32. Rcxc2 Rxc2+ 33. Rxc2 d4 34. Bxd4 exd4 35. Kd3 Rb7 36. Rc4 Ra7 37. a5 Ke6 38. Rxd4 Rb7 39. g4 Rc7 40. Rc4 Rf7 41. a6 Rf3+ 42. Kd4 Ra3 43. b5 Ra5 44. Kc5 Kd7 45. Kb6 Ra2 46. a7 Kd6 47. Rd4+ Ke5 48. Rd8 Kxe4 49. a8Q+ Rxa8 50. Rxa8 Kf4 51. Ra4+ Kf3 52. Ra3+ Kxg4 53. Kc5 h5 54. b6 h4 55. b7 Kf4 56. b8Q+ 1-0

[Event "Bouhjar BICA Blitz op 04"]
[Site "Bouhjar"]
[Date "2021.04.04"]
[Round "8"]
[White "Gharbi, Nabil"]
[Black "Ben Ameur, Mohamed Ali"]
[Result "0-1"]
[WhiteElo "1714"]
[BlackElo "1808"]
[PlyCount "64"]
[EventDate "2021.04.04"]
[EventType "swiss (blitz)"]
[EventRounds "9"]
[EventCountry "TUN"]
[SourceTitle "CBM 201 Extra"]
[Source "ChessBase"]
[SourceDate "2021.05.31"]
[SourceVersion "1"]
[SourceVersionDate "2021.05.31"]
[SourceQuality "1"]

1. d4 Nf6 2. Nc3 e6 3. e4 Bb4 4. e5 Nd5 5. Bd2 Bxc3 6. bxc3 0-0 7. c4 Ne7 8. Bd3 d6 9. exd6 cxd6 10. Nf3 b6 11. 0-0 Bb7 12. c3 Nd7 13. Re1 Nf6 14. Bg5 Nc6 15. Qc2 h6 16. Bh4 g5 17. Nxg5 hxg5 18. Bxg5 Kg7 19. Re3 Qd7 20. Rg3 Nh5 21. Rg4 f5 22. Rh4 Rh8 23. f4 Nf6 24. Qf2 Rxh4 25. Qxh4 Rf8 26. Bh6+ Kf7 27. Bxf8 Ng4 28. Qh8 e5 29. d5 e4 30. dxc6 Qxc6 31. Be2 Qc5+ 32. Kf1 Qf2# 0-1

[Event "Champigny sur Marne op 6th"]
[Site "Champigny sur Marne"]
[Date "2006.02.18"]
[Round "4"]
[White "Vantet, Pascale"]
[Black "Gharbi, Nabil"]
[Result "1-0"]
[WhiteElo "1871"]
[BlackElo "1420"]
[PlyCount "79"]
[EventDate "2006.02.16"]
[EventType "swiss"]
[EventRounds "6"]
[EventCountry "FRA"]
[SourceTitle "EXT 2007"]
[Source "ChessBase"]
[SourceDate "2006.11.23"]
[SourceVersion "1"]
[SourceVersionDate "2006.11.23"]
[SourceQuality "1"]

1. d4 c5 2. d5 e6 3. dxe6 fxe6 4. Nf3 Nf6 5. Bg5 Be7 6. e3 Qb6 7. b3 Nc6 8. Bd3 Nb4 9. 0-0 Nxd3 10. Qxd3 0-0 11. c4 Qc7 12. Nc3 b6 13. Nb5 Qd8 14. Rad1 d5 15. cxd5 Nxd5 16. Bxe7 Qxe7 17. Nc3 Bb7 18. Nxd5 exd5 19. Rfe1 Rae8 20. h3 d4 21. exd4 Be4 22. Qc4+ Kh8 23. dxc5 bxc5 24. Rc1 Rf5 25. Nd2 Re5 26. Nxe4 Rxe4 27. Rxe4 Qxe4 28. Qxe4 Rxe4 29. Rxc5 h6 30. Rc7 Re1+ 31. Kh2 Re2 32. Rxa7 Rxf2 33. Kg3 Rb2 34. Kf3 g5 35. g3 Rh2 36. Kg4 Rg2 37. b4 Kg8 38. b5 Kf8 39. a4 Rb2 40. Kh5 1-0

[Event "Champigny sur Marne op 6th"]
[Site "Champigny sur Marne"]
[Date "2006.02.17"]
[Round "2"]
[White "Fusil, Jean Marie"]
[Black "Gharbi, Nabil"]
[Result "1-0"]
[WhiteElo "1680"]
[BlackElo "1420"]
[PlyCount "66"]
[EventDate "2006.02.16"]
[EventType "swiss"]
[EventRounds "6"]
[EventCountry "FRA"]
[SourceTitle "EXT 2007"]
[Source "ChessBase"]
[SourceDate "2006.11.23"]
[SourceVersion "1"]
[SourceVersionDate "2006.11.23"]
[SourceQuality "1"]

1. e4 c5 2. Nf3 d6 3. c3 Nf6 4. d3 g6 5. Be2 Bg7 6. 0-0 0-0 7. Be3 Nc6 8. Qd2 Re8 9. Bh6 Bh8 10. Na3 e6 11. Nc4 d5 12. exd5 exd5 13. Ne3 d4 14. cxd4 Nxd4 15. Nxd4 Qxd4 16. Nc4 Ng4 17. Bxg4 Bxg4 18. Be3 Qd5 19. Rac1 Rad8 20. Qa5 Qxd3 21. Qxa7 b5 22. Nd2 Rxe3 23. fxe3 Qxe3+ 24. Kh1 Bxb2 25. Qxf7+ Kh8 26. Rce1 Be2 27. Rf2 Qxd2 28. Ref1 Bxf1 29. Rxd2 Bxg2+ 30. Rxg2 Bg7 31. Re2 Rf8 32. Re8 h5 33. Rxf8+ Bxf8 1-0